|
|
|
|
| LEADER |
00000nab a2200000 a 4500 |
| 001 |
vtls008939514 |
| 003 |
SK-MaSNL |
| 005 |
20260304140058.0 |
| 008 |
250505c2006 xo mr|p|||||||000 b|slo |
| 015 |
|
|
|a SNBRB2007/01
|2 snkbucl
|
| 035 |
|
|
|a (uuid)a4ec804a-8a21-4b5a-bd2c-eee89a198d31
|
| 035 |
|
|
|a urn:nbn:sk:snk-abc1ax
|
| 035 |
|
|
|a (urnnbn)urn:nbn:sk:snk:ar-004fna
|
| 038 |
|
|
|a SNKBUCL
|
| 040 |
|
|
|a SNKBUCL
|b slo
|c SNKBUCL
|e AACR2
|
| 041 |
1 |
|
|a slo
|h spa
|
| 044 |
|
|
|a xo
|c SK
|
| 080 |
|
|
|a 821.134.2 (83)-32
|2 1997
|
| 100 |
1 |
|
|a Bolaño, Roberto,
|d 1953-2003
|4 aut
|9 205979
|
| 245 |
1 |
0 |
|a Sensini
|c Roberto Bolano ; preložil Ladislav Franek
|
| 650 |
0 |
7 |
|a spoločenské poviedky, čílske
|2 snkbucl
|9 1456107
|
| 650 |
0 |
7 |
|a autobiografické poviedky, čílske
|2 snkbucl
|9 1456108
|
| 700 |
1 |
|
|a Franek, Ladislav,
|d 1947-
|4 trl
|9 105370
|
| 773 |
0 |
|
|t Revue svetovej literatúry
|g Roč. XLII, č. 4 (2006), s. 91-98
|
| 850 |
|
|
|a Slovenská národná knižnica
|
| 852 |
|
|
|a Slovenská národná knižnica
|
| 958 |
|
|
|a article15
|
| 958 |
|
|
|a OND
|
| 958 |
|
|
|a LX
|
| 958 |
|
|
|a CL
|
| 958 |
|
|
|a EUIPO
|
| 999 |
|
|
|c 2913481
|d 2915411
|